Oxford English-English-Hindi Dictionary (Record no. 49181)

MARC details
000 -LEADER
fixed length control field 00439nam a2200169Ia 4500
008 - FIXED-LENGTH DATA ELEMENTS--GENERAL INFORMATION
fixed length control field 230524s9999 xx 000 0 und d
082 ## - DEWEY DECIMAL CLASSIFICATION NUMBER
Classification number 1.42
Item number KUM
100 ## - MAIN ENTRY--AUTHOR NAME
Personal name Suresh Kumar
245 #0 - TITLE STATEMENT
Title Oxford English-English-Hindi Dictionary
250 ## - EDITION STATEMENT
Edition statement 14TH
260 ## - PUBLICATION, DISTRIBUTION, ETC. (IMPRINT)
Place of publication NEW YORK
Name of publisher Oxford
Year of publication 2010
300 ## - PHYSICAL DESCRIPTION
Number of Pages XVIII;1398
500 ## - GENERAL NOTE
General note Quantity Number: 1
650 ## - SUBJECT ADDED ENTRY--TOPICAL TERM
Topical Term English
700 ## - ADDED ENTRY--PERSONAL NAME
Personal name Ramesh Sahai (Editors)
942 ## - ADDED ENTRY ELEMENTS (KOHA)
Koha item type Books
Holdings
Lost status Damaged status Permanent Location Current Location Shelving location Date acquired Full call number Accession Number Koha item type
    Central Library, Trident Academy of Technology Central Library, Trident Academy of Technology General Stacks 05/24/2023 001.42 KUM 42608 Books
Trident Academy of Technology © 2023.
All rights reserved.                                                                                                                                                                                                        Designed by Team of Central Library .

Powered by Koha